|
|
|
|
| LEADER |
00000nab a2200000uu 4500 |
| 001 |
vtls011151976 |
| 003 |
SK-MaSNL |
| 005 |
20260303180825.0 |
| 008 |
230629|1964 xo |||||||||||||||||cze| |
| 015 |
|
|
|a SNBRB
|
| 035 |
|
|
|a (urnnbn)urn:nbn:sk:snk:ar-a0a2ta
|
| 035 |
|
|
|a (uuid)f17d3803-b82a-4f54-9261-6f67d8cdf288
|
| 035 |
|
|
|a urn:nbn:sk:snk-abb1a1
|
| 040 |
|
|
|a SNKBUCL
|b slo
|c SNKBUCL
|e AACR2
|
| 041 |
0 |
|
|a cze
|
| 044 |
|
|
|a xo
|c SK
|
| 100 |
1 |
|
|a Keil, G.
|4 aut
|9 1119335
|
| 245 |
1 |
0 |
|a Snižovače teploty tuhnutí v transformátorových olejích
|c G. Keil, H. Eckardt, H. J. Volker
|
| 700 |
1 |
|
|a Eckardt, H.
|4 aut
|9 1207174
|
| 700 |
1 |
|
|a Volker, H. J.
|4 aut
|9 1207175
|
| 773 |
0 |
|
|t Ropa a uhlie : technológia ropy a uhľovodíkových plynov, chemické zužitkovanie uhlia, palivá, technika mazania
|g Roč. 6, č. 10 (1964), s. 291-296
|
| 958 |
|
|
|a OND
|
| 958 |
|
|
|a EUIPO
|
| 958 |
|
|
|a article14
|
| 999 |
|
|
|c 2107760
|d 2109690
|